000 00665nam a2200217Ia 4500
003 GCL
008 140319s9999 xx 000 0 ara d
040 _aGCL /
_cGCL
082 0 4 _a920
_bا ح
100 1 _aالصافى سعيد
245 1 0 _aالحمى C42 :
_bلا انبياء ولا شياطين /
_cالصافى سعيد
260 _aبيروت :
_bبيسان للنشر والتوزيع ،
_c1996
300 _a476 ص ؛
_c24 سم
490 _a
650 0 4 _aالتراجم
650 0 4 _aالفنانون
650 0 4 _aالرجال - تراجم
650 0 4 _aالنساء - تراجم
650 0 4 _aالرؤساء - تراجم
942 _2ddc
_cBK
999 _c48366
_d48366